Sports Quiz

Random Sports or Football Quiz

Football UEFA Golden Shoe from 96/97 (clickable) Quiz Stats

Quiz not verified by Sporcle

Challenge
Share
Tweet
Embed
Score 0/12 Timer 04:00
0 Plays Today
% Correct
Lionel Messi
84.6%
Cristiano Ronaldo
80.4%
Thierry Henry
70.4%
Ronaldo
66.5%
Diego Forlán
50%
Henrik Larsson
46.5%
Mário Jardel
45.8%
Roy Makaay
45.8%
Kevin Phillips
42.7%
Luca Toni
38.1%
Francesco Totti
30%
Nikos Machlas
21.2%

You're not logged in!

Compare scores with friends on all Sporcle quizzes.
Join for Free
OR
Log In

You Might Also Like...

Show Comments

Extras

Top Quizzes Today


Score Distribution

Your Account Isn't Verified!

In order to create a playlist on Sporcle, you need to verify the email address you used during registration. Go to your Sporcle Settings to finish the process.

Report this User

Report this user for behavior that violates our Community Guidelines.

Details: